| 000 | 02106cad a22003135a 4500 | ||
|---|---|---|---|
| 001 | E147805 | ||
| 008 | 090619s2009 xxk f s000 0 eng d | ||
| 035 | _a(Sirsi) u147805 | ||
| 041 | 0 | _aeng | |
| 110 | 2 |
_aScotland _kLaws, etc |
|
| 245 | 0 | 4 |
_aThe Town and Country Planning (Miscellaneous Amendments) (Scotland) Regulations 2009 _h[electronic resource] |
| 260 |
_aEdinburgh _bScottish Government _c2009 |
||
| 490 | 0 |
_aScottish Statutory Instrument _v2009: 220 |
|
| 520 | _aThese Regulations make amendments to the Town and Country Planning (Appeals) (Written Submissions Procedure) (Scotland) Regulations 1990; the Town and Country Planning (Enforcement of Control) (No. 2) (Scotland) Regulations 1992; Town and Country Planning (Appeals) (Scotland) Regulations 2008; the Town and Country Planning (Schemes of Delegation and Local Review Procedure) (Scotland) Regulations 2008; the Town and Country Planning (Development Planning) (Scotland) Regulations 2008 and the Town and Country Planning (Development Management Procedure) (Scotland) Regulations 2008. | ||
| 520 | _aComes into force 3 August 2009. | ||
| 521 | _aAdvanced | ||
| 590 | _aKA | ||
| 650 | 2 | 4 | _aTOWN AND COUNTRY PLANNING (MISCELLANEOUS AMENDMENTS) (SCOTLAND) REGULATIONS 2009 |
| 650 | 2 | 4 | _aTOWN AND COUNTRY PLANNING (APPEALS) (WRITTEN SUBMISSIONS PROCEDURE) (SCOTLAND) REGLATIONS 1990 |
| 650 | 2 | 4 | _aTOWN AND COUNTRY PLANNING (ENFORCEMENT OF CONTROL) (NO. 2) (SCOTLAND) REGULATIONS 1992 |
| 650 | 2 | 4 | _aTOWN AND COUNTRY PLANNING (APPEALS) (SCOTLAND) REGULATIONS 2008 |
| 650 | 2 | 4 | _aTOWN AND COUNTRY PLANNING (SCHEMES OF DELEGATION AND LOCAL REVIEW PROCEDURE) (SCOTLAND) REGULATIONS 2008 |
| 650 | 2 | 4 | _aTOWN AND COUNTRY PLANNING (DEVELOPMENT PLANNING) (SCOTLAND) REGULATIONS 2008 |
| 650 | 2 | 4 | _aTOWN AND COUNTRY PLANNING (DEVELOPMENT MANAGEMENT PROCEDURE) (SCOTLAND) REGULATIONS 2008 |
| 651 | 4 |
_aScotland _y1999- |
|
| 690 |
_aPlanning and development _96259 |
||
| 856 | 4 | 0 |
_uhttps://www.opsi.gov.uk/legislation/scotland/ssi2009/ssi_20090220_en_1 _zView the statutory instrument free of charge at www.opsi.gov.uk... |
| 942 | _n0 | ||
| 999 |
_c109730 _d109730 |
||